| 000 | 00609nam a22001577a 4500 | ||
|---|---|---|---|
| 003 | OSt | ||
| 005 | 20151022171639.0 | ||
| 008 | 151022b xxu||||| |||| 00| 0 eng d | ||
| 040 | _cRUA | ||
| 082 | _aAVM SEN 2011 B100 Or.1 | ||
| 100 |
_92707 _aSENG, SETHY. |
||
| 245 | _aSurvey on veterinary cervices in mukkampul district, kandal province, ការអង្កេតលើសេវាកម្មបសុព្យាបាល ក្នុងស្រុកមុខកំពូល ខេត្តកណ្តាល. | ||
| 260 |
_aphnom phen _bRUA _c2011 |
||
| 300 |
_aIX,36p. _bill. _c29cm. |
||
| 942 |
_2ddc _cAVM |
||
| 999 |
_c2532 _d2532 |
||